Tasha : (Record no. 6431)

MARC details
000 -LEADER
fixed length control field 00676cam a22002172 4500
001 - CONTROL NUMBER
control field 0000003521
005 - DATE AND TIME OF LATEST TRANSACTION
control field 20151217151927.0
008 - FIXED-LENGTH DATA ELEMENTS--GENERAL INFORMATION
fixed length control field 070509s xx 000 0 eng d
040 ## - CATALOGING SOURCE
Original cataloging agency KABU
Transcribing agency KABU
050 #0 - LIBRARY OF CONGRESS CALL NUMBER
Classification number LA2317
Item number .H63H63
100 1# - MAIN ENTRY--PERSONAL NAME
Personal name Purdy, Anne.
-- 0000074678
245 10 - TITLE STATEMENT
Title Tasha :
Remainder of title the story of a young teacher in the Alaska wilderness as told to Robert Specht.
260 ## - PUBLICATION, DISTRIBUTION, ETC. (IMPRINT)
Place of publication, distribution, etc. New York :
Name of publisher, distributor, etc. St. Martin's Press,
Date of publication, distribution, etc. 1976.
300 ## - PHYSICAL DESCRIPTION
Extent 358 p.
600 10 - SUBJECT ADDED ENTRY--PERSONAL NAME
Personal name Purdy, Anne.
-- 0000074678
650 #0 - SUBJECT ADDED ENTRY--TOPICAL TERM
Topical term or geographic name as entry element Education
Geographic subdivision Alaska.
-- 0000153497
700 1# - ADDED ENTRY--PERSONAL NAME
Personal name Specht, Robert.
-- 0000153498
908 ## - PUT COMMAND PARAMETER (RLIN)
Put command parameter 070509
950 ## - LOCAL HOLDINGS (RLIN)
-- 1
Holdings
Withdrawn status Lost status Source of classification or shelving scheme Not for loan Home library Current library Date acquired Total Checkouts Full call number Barcode Date last seen Date last checked out Price effective from Koha item type
    Library of Congress Classification   Kabarak, Main Campus Kabarak, Main Campus 17/12/2015 1 LA2317 .H63H63 007613 12/03/2019 08/03/2019 17/12/2015 General Collection
Designed with assistance from East African Informatics Ltd